| 000 | 00876nam a2200205 4500 | ||
|---|---|---|---|
| 008 | 011212s2000 us 1 engYA | ||
| 020 | _a0802841821 | ||
| 090 |
_aBR195 _b.L42 _bC55s |
||
| 100 | 1 | _aClarke, Andrew D. | |
| 245 | 1 | 0 |
_aServe the community of the church : _bChristians as leaders and ministers / _cAndrew D. Clarke. |
| 260 |
_aMichigan : _bEerdmans, _cc2000. |
||
| 300 | _aix, 305 p. | ||
| 490 | 1 | _aFirst century Christians in the Graeco-Roman world | |
| 504 | _aBiblio: pp. 253-286 / Includes index | ||
| 650 | 4 |
_aChristian leadership _xHistory of doctrines _yEarly church, ca. 30-600. |
|
| 650 | 4 |
_aChurch history _yPrimitive and early church, ca. 30-600. |
|
| 650 | 4 |
_aLeadership _xReligious aspects _xChristianity _xHistory of doctrines _yEarly church, ca. 30-600. |
|
| 950 | 0 | _30.00 | |
| 951 |
_p24309 _x00010451 _oBR195/.L42/C55s _j070613111027343 _d2000-12-21 _cGC |
||
| 999 |
_c5373 _d5373 |
||